Revista de España / (Record no. 1831)

MARC details
000 -LEADER
campo de control de longitud fija 01450nas a2200373 i 4500
001 - NÚMERO DE CONTROL
campo de control 1831
003 - IDENTIFICADOR DE NÚMERO DE CONTROL
campo de control ES-MaACL
005 - FECHA Y HORA DE LA ÚLTIMA TRANSACCIÓN
campo de control 20251127162502.0
007 - CAMPO FIJO DE DESCRIPCIÓN FÍSICA--INFORMACIÓN GENERAL
campo de control de longitud fija t|
008 - DATOS DE LONGITUD FIJA--INFORMACIÓN GENERAL
campo de control de longitud fija 950801d18681895sp s|yp | ||pa d
022 ## - NÚMERO INTERNACIONAL NORMALIZADO PARA PUBLICACIONES SERIADAS
Número Internacional Normalizado para Publicaciones Seriadas 0214-7718
080 ## - NÚMERO DE LA CLASIFICACIÓN DECIMAL UNIVERSAL
Número de la Clasificación Decimal Universal 008
245 00 - MENCIÓN DEL TÍTULO
Título Revista de España /
Mención de responsabilidad, etc. [dir., José L. Albareda].
260 ## - PUBLICACIÓN, DISTRIBUCIÓN, ETC.
Lugar de publicación, distribución, etc. Madrid :
Nombre del editor, distribuidor, etc. [Revista de España],
Fecha de publicación, distribución, etc. 1868 (
Fabricante Tip. de Gregorio Estrada)
300 ## - DESCRIPCIÓN FÍSICA
Extensión 149 v. ;
Dimensiones 24 cm.
310 ## - PERIODICIDAD ACTUAL
Periodicidad actual Quincenal
362 0# - FECHAS DE PUBLICACIÓN Y/O DESIGNACIÓN SECUENCIAL
Fecha de publicación y/o designación secuencial Año I, t. 1 (1868)-1895.
500 ## - NOTA GENERAL
Nota general No se publicó en 1893.
530 ## - NOTA DISPONIBLE DE FORMULARIO FÍSICO ADICIONAL
Nota de formato físico adicional disponible Disponible en formato digital.
555 ## - NOTA DE ÍNDICE ACUMULATIVO U OTROS INSTRUMENTOS BIBLIOGRÁFICOS
Nota de índice acumulativo u otros instrumentos bibliográficos Índice sistemático de materias y alfabético de autores de 1868 a oct. 1887, por Antonio Maestre y Alonso, publ. en 1888.
650 #7 - PUNTO DE ACCESO ADICIONAL DE MATERIA--TÉRMINO DE MATERIA
Término de materia o nombre geográfico como elemento de entrada Cultura
Fuente del encabezamiento o término embne
9 (RLIN) 170963
700 1# - ENTRADA AGREGADA--NOMBRE PERSONAL
Nombre de persona Albareda, José Luis,
Fechas asociadas al nombre 1828-1897
9 (RLIN) 19236
700 1# - ENTRADA AGREGADA--NOMBRE PERSONAL
Nombre de persona Pérez Galdós, Benito,
Fechas asociadas al nombre 1843-1920
9 (RLIN) 90871
700 1# - ENTRADA AGREGADA--NOMBRE PERSONAL
Nombre de persona León y Castillo, Fernando,
Fechas asociadas al nombre 1842-1918
9 (RLIN) 71655
700 ## - ENTRADA AGREGADA--NOMBRE PERSONAL
Nombre de persona Ruiz Martínez, L. A.
Término indicativo de función/relación
9 (RLIN) 226812
700 1# - ENTRADA AGREGADA--NOMBRE PERSONAL
Nombre de persona Sánchez Guerra, José,
Fechas asociadas al nombre 1859-1935
9 (RLIN) 102690
700 1# - ENTRADA AGREGADA--NOMBRE PERSONAL
Nombre de persona Antequera y Ayala, Benedicto,
Fechas asociadas al nombre 1852-1917
Término indicativo de función/relación
9 (RLIN) 194300
700 1# - ENTRADA AGREGADA--NOMBRE PERSONAL
Nombre de persona Tello Amondareyn, Manuel.
9 (RLIN) 133170
700 1# - ENTRADA AGREGADA--NOMBRE PERSONAL
Nombre de persona España, Gabriel Ricardo.
9 (RLIN) 126962
852 ## - LOCALIZACIÓN
Ubicación ES-MaACL
Número de control de estantería K-83
856 ## - LOCALIZACIÓN Y ACCESO ELECTRÓNICOS
Identificador Uniforme de Recursos <a href="http://hemerotecadigital.bne.es/details.vm?o=&w=0214-7718&f=issn&l=500">http://hemerotecadigital.bne.es/details.vm?o=&w=0214-7718&f=issn&l=500</a>
Nota pública Hemeroteca Digital
866 #0 - MENCIÓN TEXTUAL DE FONDOS--UNIDAD BIBLIOGRÁFICA BÁSICA
Fondos 1868-1888(1889f.t.CXXVII)1890-1892.1894-95
Holdings
Estatus retirado Estado de pérdida Estado de daño No para préstamo Colección Biblioteca de origen Biblioteca actual Ubicación en estantería Fecha de adquisición Fuente de adquisición Total de préstamos Signatura topográfica completa Código de barras Visto por última vez Precio de reemplazo Tipo de ítem Koha
        Colección digital Biblioteca del Ateneo de Madrid Biblioteca del Ateneo de Madrid Administración 17/01/2008     K-83 1001869 23/02/2023 23/02/2023 Revista